000 00391cam a22001337a 4500
008 180718b1985 xxu||||| |||| 00| 0 eng d
082 _aI51 D849
100 _aD'Souza Anthony
245 _aLeadership: a trilogy on leadership and effective management
_cby Anthony D'Souza
260 _aBombay
_bBetter Yourself Books
_c1985
300 _a641p.
500 _a3v. in one
650 _aLeadership
999 _c343337
_d343337